[Event "Aragon-chT Honor Titulo"]
[Site "Aragon"]
[Date "2018.03.17"]
[Round "8.2"]
[White "Ramiro Ovejero, Juan Luis"]
[Black "Palacios Herrero, Pablo"]
[Result "1-0"]
[WhiteElo "2384"]
[BlackElo "2165"]
[PlyCount "91"]
[EventDate "2018.03.17"]
[EventType "team-tourn"]
[EventRounds "10"]
[EventCountry "ESP"]
[SourceTitle "EXT 2019"]
[Source "ChessBase"]
[SourceDate "2018.10.10"]
[SourceVersion "1"]
[SourceVersionDate "2018.10.10"]
[SourceQuality "1"]
[WhiteTeam "Jaime Casas"]
[BlackTeam "Palacio de Pioneros"]
[WhiteTeamCountry "ESP"]
[BlackTeamCountry "ESP"]

1. e4 e6 2. d4 d5 3. Nd2 Nf6 4. e5 Nfd7 5. Bd3 c5 6. c3 Nc6 7. Ngf3 Qb6 8. 0-0 g6 9. dxc5 Qc7 10. Bb5 Bg7 11. Nb3 0-0 12. Bf4 Ndxe5 13. Bxc6 bxc6 14. Nxe5 Bxe5 15. Bxe5 Qxe5 16. f4 Qc7 17. Qd4 a5 18. Rae1 a4 19. Nd2 Bd7 20. Nf3 Ra5 21. b4 axb3 22. axb3 Bc8 23. h4 f6 24. Ra1 Ba6 25. Rxa5 Bxf1 26. Ra2 Bb5 27. c4 dxc4 28. bxc4 e5 29. fxe5 Qf7 30. exf6 Qxc4 31. Rf2 Qxd4 32. Nxd4 Kf7 33. Rf4 Re8 34. g4 h6 35. g5 hxg5 36. hxg5 Re5 37. Nf3 Rxc5 38. Re4 Rf5 39. Kf2 c5 40. Re5 Bd3 41. Ke3 Kf8 42. Re7 c4 43. Nd4 Rf1 44. Ne6+ Kg8 45. Rg7+ Kh8 46. f7 1-0